Countries without a Stock Exchange - Statistics

General Stats
  • This quiz has been taken 186 times
  • The average score is 27 of 34
Answer Stats
Country Continent % Correct
Vatican City Europe
92%
Nauru Oceania
91%
Marshall Islands Oceania
90%
San Marino Europe
90%
Solomon Islands Oceania
89%
Tonga Oceania
89%
Vanuatu Oceania
89%
Andorra Europe
88%
Tuvalu Oceania
88%
Federated States of Micronesia Oceania
87%
Liechtenstein Europe
87%
Samoa Oceania
87%
Palau Oceania
86%
Monaco Europe
84%
North Korea Asia
83%
Kiribati Oceania
82%
Comoros Africa
79%
São Tomé and Príncipe Africa
77%
Cuba North America
76%
Djibouti Africa
76%
Afghanistan Asia
75%
Brunei Asia
75%
East Timor Asia
75%
Burundi Africa
73%
Yemen Asia
73%
Belize North America
70%
Democratic Republic of the Congo Africa
68%
Gambia Africa
67%
Guinea Africa
67%
South Sudan Africa
66%
Eritrea Africa
64%
Mauritania Africa
61%
Liberia Africa
57%
Madagascar Africa
51%
No matching quizzes found
Score Distribution
Percent of People with Each Score
Percentile by Number Answered
Your Score History
You have not taken this quiz